000 01389nam a22003137a 4500
005 20100407161239.0
008 100407t xxu||||| |||| 00| 0 eng d
010 _aENG-95998
020 _a9788131727935
_c299.00
035 _aEN-79531
037 _bDBAD/VEN
040 _adpl
082 _a650.144
_222
100 _aHodgson, Susan.
245 _aBrilliant answers to tough interview questions :
_bsmart answers to whatever they can throw at you /
_cby Susan Hodgson.
246 _aAnswers to tough interview questions.
250 _a3rd ed.
260 _aNew Delhi
_bDorling KIndersley (India) Pvt. Ltd. licensees of Pearson Education
_c2009.
270 _a14, Local Shopping Centre, Panchsheel Park,
_bNew Delhi
_e110017
300 _axiv, 273 p. ;
_c22 cm.
650 _aEmployment interviewing
_vHandbooks, manuals, etc.
650 _aApplications for positions
_vExaminations, questions, etc.
650 _aSelf-presentation.
650 _aInterpersonal communication.
942 _2ddc
_cEN
_mHOD
_h650.144
999 _c35146
_d35146